| 000 | 00533nam a2200181Ia 4500 | ||
|---|---|---|---|
| 005 | 20250326141225.0 | ||
| 008 | 250326s9999 xx 000 0 und d | ||
| 037 | _aTextbook | ||
| 040 |
_aFMSL _beng _cFMSL |
||
| 041 |
_aeng _2eng |
||
| 084 |
_aX8(A).44 N4 _qFMSL |
||
| 100 | _aShanta N | ||
| 245 | 0 |
_aGrowth of firms in Indian manufacturing industry _cShanta N |
|
| 260 |
_aTrivandrum _bTrivandrum, Centre for Development Studies _c1994 |
||
| 300 | _a228p | ||
| 942 |
_cTB _hX8(A).44 N4 |
||
| 999 |
_c1289307 _d1289307 |
||